<?xml version="1.0" encoding="UTF-8"?>
<record
    xmlns:xsi="http://www.w3.org/2001/XMLSchema-instance"
    xsi:schemaLocation="http://www.loc.gov/MARC21/slim http://www.loc.gov/standards/marcxml/schema/MARC21slim.xsd"
    xmlns="http://www.loc.gov/MARC21/slim">

  <leader>00741nam a22002177a 4500</leader>
  <datafield tag="082" ind1=" " ind2=" ">
    <subfield code="a">297.5</subfield>
    <subfield code="b">AIN</subfield>
    <subfield code="c">L-31-11, P-18</subfield>
  </datafield>
  <datafield tag="100" ind1=" " ind2=" ">
    <subfield code="a">Ameer Ali, Syed</subfield>
    <subfield code="9">37201</subfield>
  </datafield>
  <datafield tag="245" ind1=" " ind2=" ">
    <subfield code="a">&#x639;&#x6CC;&#x646; &#x627;&#x644;&#x6BE;&#x62F;&#x627;&#x6CC;&#x6C1;</subfield>
  </datafield>
  <datafield tag="250" ind1=" " ind2=" ">
    <subfield code="a">3rd ed.</subfield>
  </datafield>
  <datafield tag="260" ind1=" " ind2=" ">
    <subfield code="a">Lahore</subfield>
    <subfield code="b">&#x627;&#x62F;&#x627;&#x631;&#x6C1; &#x646;&#x634;&#x631;&#x6CC;&#x627;&#x62A; &#x627;&#x633;&#x644;&#x627;&#x645; &#x644;&#x627;&#x6C1;&#x648;&#x631;</subfield>
    <subfield code="c">1984</subfield>
  </datafield>
  <datafield tag="300" ind1=" " ind2=" ">
    <subfield code="a">658p.: &#x686;&#x627;&#x631; &#x62C;&#x644;&#x62F;&#x648;&#x6BA; &#x67E;&#x631; &#x645;&#x634;&#x62A;&#x645;&#x644;</subfield>
    <subfield code="b">ill,;</subfield>
    <subfield code="c">15 cm.</subfield>
  </datafield>
  <datafield tag="500" ind1=" " ind2=" ">
    <subfield code="a">&#x686;&#x627;&#x631; &#x62C;&#x644;&#x62F;&#x648;&#x6BA; &#x67E;&#x631; &#x645;&#x634;&#x62A;&#x645;&#x644;</subfield>
  </datafield>
  <datafield tag="526" ind1=" " ind2=" ">
    <subfield code="a">0</subfield>
    <subfield code="b">0</subfield>
    <subfield code="c">0</subfield>
    <subfield code="d">297_500000000000000_AIN</subfield>
  </datafield>
  <datafield tag="526" ind1=" " ind2=" ">
    <subfield code="a">0</subfield>
    <subfield code="b">0</subfield>
    <subfield code="c">0</subfield>
    <subfield code="d">297_500000000000000_AIN</subfield>
  </datafield>
  <datafield tag="526" ind1=" " ind2=" ">
    <subfield code="a">0</subfield>
    <subfield code="b">0</subfield>
    <subfield code="c">0</subfield>
    <subfield code="d">297_500000000000000_AIN</subfield>
  </datafield>
  <datafield tag="526" ind1=" " ind2=" ">
    <subfield code="a">0</subfield>
    <subfield code="b">0</subfield>
    <subfield code="c">0</subfield>
    <subfield code="d">297_500000000000000_AIN</subfield>
  </datafield>
  <datafield tag="526" ind1=" " ind2=" ">
    <subfield code="a">0</subfield>
    <subfield code="b">0</subfield>
    <subfield code="c">0</subfield>
    <subfield code="d">297_500000000000000_AIN</subfield>
  </datafield>
  <datafield tag="526" ind1=" " ind2=" ">
    <subfield code="a">0</subfield>
    <subfield code="b">0</subfield>
    <subfield code="c">0</subfield>
    <subfield code="d">297_500000000000000_AIN</subfield>
  </datafield>
  <datafield tag="650" ind1=" " ind2=" ">
    <subfield code="a">MCE</subfield>
    <subfield code="9">379</subfield>
  </datafield>
  <datafield tag="942" ind1=" " ind2=" ">
    <subfield code="2">ddc</subfield>
    <subfield code="c">BK</subfield>
  </datafield>
  <datafield tag="999" ind1=" " ind2=" ">
    <subfield code="c">550510</subfield>
    <subfield code="d">550510</subfield>
  </datafield>
  <datafield tag="952" ind1=" " ind2=" ">
    <subfield code="0">0</subfield>
    <subfield code="1">0</subfield>
    <subfield code="2">ddc</subfield>
    <subfield code="4">0</subfield>
    <subfield code="7">0</subfield>
    <subfield code="a">MCE</subfield>
    <subfield code="b">MCE</subfield>
    <subfield code="d">2014-11-12</subfield>
    <subfield code="l">0</subfield>
    <subfield code="o">297.5 AIN</subfield>
    <subfield code="p">MCE-9802</subfield>
    <subfield code="r">2014-11-12</subfield>
    <subfield code="w">2014-11-12</subfield>
    <subfield code="y">BK</subfield>
    <subfield code="z">&#x62C;&#x644;&#x62F; &#x62F;&#x648;&#x645;</subfield>
  </datafield>
  <datafield tag="952" ind1=" " ind2=" ">
    <subfield code="0">0</subfield>
    <subfield code="1">0</subfield>
    <subfield code="2">ddc</subfield>
    <subfield code="4">0</subfield>
    <subfield code="7">0</subfield>
    <subfield code="a">MCE</subfield>
    <subfield code="b">MCE</subfield>
    <subfield code="d">2014-11-17</subfield>
    <subfield code="l">0</subfield>
    <subfield code="o">297.5 AIN</subfield>
    <subfield code="p">MCE-9804</subfield>
    <subfield code="r">2014-11-17</subfield>
    <subfield code="w">2021-03-14</subfield>
    <subfield code="y">BK</subfield>
    <subfield code="z">  &#x62C;&#x644;&#x62F; &#x686;&#x6C1;&#x627;&#x631;&#x645;</subfield>
  </datafield>
  <datafield tag="952" ind1=" " ind2=" ">
    <subfield code="0">0</subfield>
    <subfield code="1">0</subfield>
    <subfield code="2">ddc</subfield>
    <subfield code="4">0</subfield>
    <subfield code="7">0</subfield>
    <subfield code="a">MCE</subfield>
    <subfield code="b">MCE</subfield>
    <subfield code="d">2020-01-14</subfield>
    <subfield code="l">0</subfield>
    <subfield code="o">297.5 AIN</subfield>
    <subfield code="p">MCE-9803</subfield>
    <subfield code="r">2020-01-14</subfield>
    <subfield code="w">2021-03-14</subfield>
    <subfield code="y">BK</subfield>
    <subfield code="z"> &#x62C;&#x644;&#x62F; &#x633;&#x648;&#x645;</subfield>
  </datafield>
  <datafield tag="952" ind1=" " ind2=" ">
    <subfield code="0">0</subfield>
    <subfield code="1">0</subfield>
    <subfield code="2">ddc</subfield>
    <subfield code="4">0</subfield>
    <subfield code="7">0</subfield>
    <subfield code="a">MCE</subfield>
    <subfield code="b">MCE</subfield>
    <subfield code="d">2020-01-14</subfield>
    <subfield code="l">0</subfield>
    <subfield code="o">297.5 AIN</subfield>
    <subfield code="p">MCE-9801</subfield>
    <subfield code="r">2020-01-14</subfield>
    <subfield code="w">2021-03-14</subfield>
    <subfield code="y">BK</subfield>
    <subfield code="z"> &#x62C;&#x644;&#x62F; &#x627;&#x648;&#x644;</subfield>
  </datafield>
  <datafield tag="952" ind1=" " ind2=" ">
    <subfield code="0">0</subfield>
    <subfield code="1">0</subfield>
    <subfield code="2">ddc</subfield>
    <subfield code="4">0</subfield>
    <subfield code="7">0</subfield>
    <subfield code="a">MCE</subfield>
    <subfield code="b">MCE</subfield>
    <subfield code="d">2020-01-16</subfield>
    <subfield code="l">0</subfield>
    <subfield code="o">297.5 AIN</subfield>
    <subfield code="p">MCE-307M</subfield>
    <subfield code="r">2020-01-16</subfield>
    <subfield code="w">2021-03-14</subfield>
    <subfield code="y">BK</subfield>
    <subfield code="z">&#x62C;&#x644;&#x62F; &#x686;&#x6C1;&#x627;&#x631;&#x645;</subfield>
  </datafield>
  <datafield tag="952" ind1=" " ind2=" ">
    <subfield code="0">0</subfield>
    <subfield code="1">0</subfield>
    <subfield code="2">ddc</subfield>
    <subfield code="4">0</subfield>
    <subfield code="7">0</subfield>
    <subfield code="a">MCE</subfield>
    <subfield code="b">MCE</subfield>
    <subfield code="d">2020-01-16</subfield>
    <subfield code="l">0</subfield>
    <subfield code="o">297.5 AIN</subfield>
    <subfield code="p">MCE-306M</subfield>
    <subfield code="r">2020-01-16</subfield>
    <subfield code="w">2020-01-16</subfield>
    <subfield code="y">BK</subfield>
    <subfield code="z">&#x62C;&#x644;&#x62F; &#x62F;&#x648;&#x645;</subfield>
  </datafield>
</record>
